000 00529cam a2200205ua 4500
001 4051
005 20260515113756.0
008 111221n ii |||gr||||Z||||||asm
020 _a81-86494-35-9
040 _cMAIN
082 _a920
100 _aKalita, Samin,
245 1 1 _aSahitya akademi bota bijoye asamiya
_cby Samin Kalita
250 _a3rd.
260 _aGuwahati:
_bStudents stores,997.
300 _a168p:
_c23cm.
653 _aBiography
653 _aBiography of Sahitya akademi bota bijoye asamiya
942 _cBK
999 _c3871
_d3871